000 00600nam a2200229Ia 4500
003 OSt
005 20220928112341.0
006 a|||||r|||| 00| 0
007 ta
008 220927b |||||||| |||| 00| 0 eng d
024 _a75418
037 _cTextual
040 _aSDCL
_cSDCL
_beng
041 _2eng
_aeng
082 _aB0bD, M0
100 _aBajpai A C
_9427613
245 0 _aSpecialist techniques in engineering mathematics
260 _aChichester
_bJohn Wiley
_c1980
300 _aix,401p
_ccm.
942 _hB0bD, M0
_cTEXL
_2CC
999 _c744386
_d744386